000 00329nam a22001457a 4500
008 221102b ||||| |||| 00| 0 eng d
020 _a0256656355
041 _aeng
080 _a159.9
082 _a159.9
100 _a24.2
101 _aPSI
245 _aINTERPERSONAL PROCESS IN PSYCHOTHERAPY
_cTEYBER E
942 _2udc
_cBK
999 _c58715
_d58715